TSI indikátor a jeho využitie pri investovaní

Konkrétny nástroj technickej analýzy, ktorým je True strength index (TSI indicator). Nástroj, ktorý kumuluje viacero funkcií. Základné princípy, výpočet a využitie TSI indikátora pri investovaní.

Guardado en:
Detalles Bibliográficos
Autor principal: Badura, Peter, 1978-
Formato: Capítulo de libro
Lenguaje:eslovaco
Materias:
Etiquetas: Agregar Etiqueta
Sin Etiquetas, Sea el primero en etiquetar este registro!

MARC

LEADER 00000naa$a2200000$$$4500
001 0224363
005 20240502073656.4
041 0 |a slo 
044 |a SK 
245 1 0 |a TSI indikátor a jeho využitie pri investovaní  |c Peter Badura 
520 |a Konkrétny nástroj technickej analýzy, ktorým je True strength index (TSI indicator). Nástroj, ktorý kumuluje viacero funkcií. Základné princípy, výpočet a využitie TSI indikátora pri investovaní. 
610 2 0 |a trh finančný 
610 2 0 |a investovanie 
610 2 0 |a investori 
610 2 0 |a stratégia investičná 
610 2 0 |a funkcie investičné 
610 2 0 |a koeficient efektívnosti investícií 
610 2 0 |a analýza technická 
100 1 |a Badura, Peter, 1978-